| 000 -LEADER |
| fixed length control field |
01435nam a2200277Ia 4500 |
| 001 - CONTROL NUMBER |
| control field |
13106 |
| 003 - CONTROL NUMBER IDENTIFIER |
| control field |
GE_BSU |
| 005 - DATE AND TIME OF LATEST TRANSACTION |
| control field |
20240821170622.0 |
| 008 - FIXED-LENGTH DATA ELEMENTS--GENERAL INFORMATION |
| fixed length control field |
181216s2013||||ge |||||||||||||| ||eng|| |
| 020 ## - INTERNATIONAL STANDARD BOOK NUMBER |
| International Standard Book Number |
9789941052743 |
| 040 ## - CATALOGING SOURCE |
| Transcribing agency |
GE_BSU |
| 080 ## - UNIVERSAL DECIMAL CLASSIFICATION NUMBER |
| Universal Decimal Classification number |
633 C-73 |
| 245 ## - TITLE STATEMENT |
| Title |
Comparative analysis of agriculture in the South Caucasus : Georgia, 2013 / |
| Statement of responsibility, etc. |
lead auth. Dr. George Welton ; support. auth. Dr. Armen A. Asatryan, David Jijelava ; Swiss Agency for Development and Cooperation (SDC). |
| 264 ## - PRODUCTION, PUBLICATION, DISTRIBUTION, MANUFACTURE, AND COPYRIGHT NOTICE |
| Place of production, publication, distribution, manufacture |
Tbilisi : |
| Name of producer, publisher, distributor, manufacturer |
UNDP, |
| Date of production, publication, distribution, manufacture, or copyright notice |
2013. |
| 300 ## - PHYSICAL DESCRIPTION |
| Extent |
190 p. : |
| Other physical details |
fig. ; |
| Dimensions |
30 cm. |
| 500 ## - GENERAL NOTE |
| General note |
ბიბლიოგრ. ტექსტის შენიშვნ. |
| 653 ## - INDEX TERM--UNCONTROLLED |
| keyword |
Comparative Analisys of agriculture in the South Caucasus |
| 653 ## - INDEX TERM--UNCONTROLLED |
| keyword |
სოფლის მეურნეობა სამხრეთ კავკასიაში |
| 653 ## - INDEX TERM--UNCONTROLLED |
| keyword |
აგრონომია სამხრეთ კავკასიაში |
| 653 ## - INDEX TERM--UNCONTROLLED |
| keyword |
სოფლის მეურნეობის ეკონომიკა სამხრეთ კავკასიაში |
| 700 ## - ADDED ENTRY--PERSONAL NAME |
| Personal name |
George Welton ; support. auth. Dr. Armen A. Asatryan, David Jijelava ; Swiss Agency for Development and Cooperation (SDC). |
| Titles and other words associated with a name |
lead auth. |
| 9 (RLIN) |
23102 |
| 700 ## - ADDED ENTRY--PERSONAL NAME |
| Personal name |
Asatryan, Armen A. |
| Titles and other words associated with a name |
auth. |
| 9 (RLIN) |
23103 |
| 700 ## - ADDED ENTRY--PERSONAL NAME |
| Personal name |
Jijelava, David |
| Titles and other words associated with a name |
auth. |
| 9 (RLIN) |
23104 |
| 710 ## - ADDED ENTRY--CORPORATE NAME |
| Corporate name or jurisdiction name as entry element |
Swiss Agency for Development and Cooperation |
| 9 (RLIN) |
23105 |
| 942 ## - ADDED ENTRY ELEMENTS (KOHA) |
| Koha item type |
წიგნი |
| Source of classification or shelving scheme |
|